Statistics for Harry Potter 'defence against the dark arts' teachers

Click here to take the quiz!

General Stats

  • This quiz has been taken 69 times
  • The average score is 7 of 7

Answer Stats

Book titleAnswer% Correct
Half Blood PrinceSeverus Snape
98%
Prisoner of AzkabanRemus Lupin
97%
Chamber of SecretsGilderoy Lockhart
95%
Goblet of FireBarty Crouch Junior (disguised as Alastor Moody)
92%
Order of the PhoenixDelores Umbridge
92%
Philosophers/Sorcerers StoneQuirinus Quirrell
92%
Deathly Hallows (dark arts teacher)Amycus Carrow
83%

Score Distribution

Percentile by Number Answered

Percent of People with Each Score

Your Score History

You have not taken this quiz